[Event "It (cat.7)"]
[Site "masterchessopen.com Budapest (Hungary)"]
[Round "12"]
[White "Colovic Aleksandar (MKD)"]
[Black "Pilgaard Kim (DEN)"]
[Result "1-0"]
[WhiteElo "2364"]
[BlackElo "2437"]

1.e4 e5 2.Nf3 Nc6 3.Bb5 a6 4.Ba4 Nf6 5.O-O Be7 6.Re1 b5 7.Bb3 d6 8.c3 O-O 9.h3
Na5 10.Bc2 c5 11.d4 exd4 12.cxd4 Bb7 13.d5 Nc4 14.Bb3 Nb6 15.Bf4 Re8 16.Nbd2
Bf8 17.Nf1 g6 18.Qd2 Bg7 19.Rad1 Rc8 20.Ng3 c4 21.Qb4 Bf8 22.Bg5 Nbd7 23.a4
Qb6 24.Be3 Nc5 25.Bxc4 Qc7 26.Bxb5 axb5 27.axb5 Bg7 {#r} 1-0

[Event "It"]
[Site "masterchessopen.com Eger (Hungary)"]
[Round "5"]
[White "Rajlich Vasik G (USA)"]
[Black "Hajnal Zoltan (HUN)"]
[Result "1-0"]
[WhiteElo "2257"]
[BlackElo "2436"]

1.e4 e5 2.Nf3 Nc6 3.Bb5 a6 4.Ba4 Nf6 5.O-O Be7 6.Re1 b5 7.Bb3 d6 8.c3 O-O 9.h3
Na5 10.Bc2 c5 11.d4 Bb7 12.Nbd2 cxd4 13.cxd4 exd4 14.Nxd4 Re8 15.b3 Bf8 16.Bb2
g6 17.Qf3 Bg7 18.Rad1 Rc8 19.Bb1 Nd7 20.Nf1 Qb6 21.Ne3 Nf6 22.Ndf5 gxf5
23.Nxf5 d5 24.exd5 Bxd5 25.Qg3 Nh5 26.Qg4 Be6 27.Bxg7 Bxf5 28.Bxf5 Nxg7
29.Bxc8 Rf8 30.Rd5 f5 31.Rxf5 Rxc8 32.Re7 Rc1+ 33.Kh2 Qd6+ 34.Rfe5 {#r} 1-0

[Event "It (open)"]
[Site "masterchessopen.com Kishinev (Moldova)"]
[Round "3"]
[White "Fedotov Eduard (MDA)"]
[Black "Crivoi Alexandr (MDA)"]
[Result "0-1"]
[WhiteElo "2018"]
[BlackElo "2233"]

1.e4 e5 2.Nf3 Nc6 3.Bb5 a6 4.Ba4 Nf6 5.O-O Be7 6.Re1 b5 7.Bb3 d6 8.c3 O-O 9.h3
Na5 10.Bc2 c5 11.d4 Bb7 12.d5 Nc4 13.Qe2 Qd7 14.a4 Nb6 15.a5 Nc8 16.b4 c4
17.Nh4 g6 18.Bh6 Re8 19.Nd2 Nxd5 20.Nxg6 hxg6 21.exd5 Bxd5 22.Be4 Bxe4 23.Nxe4
d5 24.Rad1 Qe6 25.Ng3 Bf6 26.Qd2 Ne7 27.Bg5 Rad8 28.f4 Bxg5 29.fxg5 Nc6 30.Rf1
e4 31.Rf6 Qe5 32.Qe3 d4 33.cxd4 Nxd4 {#R} 0-1

[Event "Ch World FIDE (KO-system)"]
[Site "masterchessopen.com Moscow (Russia)"]
[Round "4"]
[White "Morozevich Alexander (RUS)"]
[Black "Ponomariov Ruslan (UKR)"]
[Result "1-0"]
[WhiteElo "2742"]
[BlackElo "2684"]

{ ^02 } 1.e4 e5 2.Nf3 Nc6 3.Bb5 a6 4.Ba4 Nf6 5.O-O Be7 6.Re1 b5 7.Bb3 d6 8.c3
O-O 9.h3 Na5 10.Bc2 c5 11.d4 { DA } 11...cxd4 ( 11...Qc7 12.Nbd2 cxd4 13.cxd4
Rd8 14.b3 exd4 15.Bb2 Nc6 16.Rc1 Qb6 17.Bb1 Bb7 18.Nf1 d5 19.exd5 Nxd5 20.Nxd4
Nxd4 21.Bxd4 Qh6 22.Qf3 Bb4 23.Red1 Ba3 24.Rc2 Qf4 25.Qe2 Re8 26.Ne3 Nxe3
27.Bxe3 Qe5 28.Rcd2 Bb4 29.Rd7 Be4 30.Bxe4 Qxe4 31.R7d4 Qe7 32.Qf3 Rac8 33.Rd7
Qe6 34.h4 h6 35.Rb7 Bc5 36.Rd3 Bxe3 37.Rxe3 Qg6 38.Rxe8+ Rxe8 39.Kh2 Qe6 40.g3
Rc8 41.Ra7 g6 42.h5 gxh5 43.Qxh5 Rc2 44.Qf3 Kg7 45.a3 Rc5 46.Kg2 Rf5 47.Qc3+
Qf6 48.Qxf6+ Rxf6 49.b4 h5 50.Kf1 Re6 51.Kg2 Rf6 52.Ra8 Kh7 53.Kh3 Rxf2
54.Rxa6 Rf3 55.Kh4 f6 56.Kxh5 Rxg3 57.Rxf6 Rxa3 58.Rf5 Kg7 59.Kg5 Rb3 60.Rxb5
Kf7 61.Kf5 Ke7 62.Ke5 Kd7 63.Kd5 Kc7 64.Kc4 Rf3 65.Rg5 Rf6 66.Kb5 Kb7 67.Rg7+
Kb8 68.Ka5 Rh6 69.Rf7 Rg6 70.b5 Rh6 { 1/2-1/2, Timoshenko G.(2537) - Delchev
A.(2587), Moscow 2001 Ch World FIDE (KO-system) } ) ( 11...Bb7 12.d5 Nc4 13.a4
Nb6 14.b3 Bc8 15.Qe2 Bd7 16.c4 b4 17.Nbd2 Nh5 18.Nf1 Bf6 19.g4 Nf4 20.Bxf4
exf4 21.e5 dxe5 22.Qe4 g6 23.Nxe5 Bxe5 24.Qxe5 f5 25.a5 Nc8 26.d6 Bc6 27.Rad1
Re8 28.Qxf4 Rxe1 29.Rxe1 Qxd6 30.Qg5 Ra7 31.gxf5 h6 32.Qg4 Qd4 33.Re6 Qxg4+
34.hxg4 Bf3 35.Re8+ { 1-0, Shirov A.(2718) - Piket J.(2632), Monaco 2001 It
"Melody Amber" (blindfold) } ) 12.cxd4 Bb7 13.d5 Rc8 { DA } 14.b3 { ! } (
14.Nc3 Qc7 15.Re2 Nd7 16.a4 b4 17.Na2 b3 18.Bxb3 Nxb3 19.Qxb3 Nc5 20.Qd1 a5
21.b4 axb4 22.Nxb4 Ra8 23.Rc2 Qd7 24.a5 Nb3 25.Ra3 Nxa5 26.Qd3 Rfc8 27.Be3
Rxc2 28.Nxc2 Bd8 29.Nb4 Rc8 30.Nd2 h6 31.Kh2 { 1/2-1/2, Hernandez G - El Taher
F.(2481), Moscow 1994 Olympiad } ) ( 14.Nbd2 Qc7 15.Bd3 Nc4 16.Nf1 Nb6 17.b3
Nbd7 18.Ng3 Nc5 19.Bf1 g6 20.Bh6 Rfe8 21.a4 bxa4 22.b4 Ncd7 23.Rxa4 Nb8 24.Nd2
Qc2 25.Qa1 Nfd7 26.Nc4 Rxc4 27.Rc1 Qxc1 28.Bxc1 Rc7 29.Be3 Rec8 30.Kh2 Bd8
31.Bd3 Kg7 32.Ra3 h6 33.Ne2 Bg5 34.Bxg5 hxg5 35.Rc3 Kf8 36.Rxc7 Rxc7 37.Qa5
Rc8 38.b5 Nc5 39.Qb6 Ke7 40.bxa6 Bxa6 41.Bxa6 Nbxa6 42.Nc3 Nd7 43.Qe3 f6
44.Nb5 Nac5 45.Na7 Ra8 46.Qa3 Rxa7 47.Qxa7 Nxe4 48.f3 Nc5 49.Qc7 f5 50.Qc8 Nf8
51.g4 f4 52.h4 gxh4 53.g5 Ncd7 54.Qc2 Nc5 55.Kh3 Ncd7 56.Kxh4 Nc5 57.Kg4 Kf7
58.Qb1 Ncd7 59.Kh3 Nh7 60.Qg1 Nhf8 61.Kg2 Nc5 62.Kf1 Nfd7 63.Qh2 Nf8 64.Qh8
Ncd7 65.Ke2 Ke8 66.Qg7 e4 67.Qd4 exf3+ 68.Kxf3 Ne5+ 69.Kxf4 Nfd7 70.Qa4 Ke7
71.Qa8 Nf8 72.Qc8 Ned7 73.Qc3 Ne5 { 1/2-1/2, Korneev O.(2600) - Gomez Esteban
J.(2493), San Sebastian 2000 It (open) } ) 14...Qc7 15.Bd3 { DA } 15...Nxe4 (
15...Nh5 16.Bf1 f5 17.exf5 Nf4 18.Bxf4 exf4 19.Na3 Bf6 20.Rb1 Qc3 21.Nxb5 {
1/2-1/2, Ciocaltea V. - Smejkal J.(2515), Halle 1974 It } ) ( 15...Ra8 16.Bb2
Bc8 { ? Anttonen H. - Sietio J., Finland 1999 Ch Finland (team) 1999/00 (I
Division) } ) 16.Bxe4 f5 17.Bd3 e4 18.Bg5 Bf6 19.Bxf6 Rxf6 20.Be2 exf3 21.Bxf3
b4 { ? } ( 21...Ba8 22.Nd2 { ± } ) 22.Nd2 Rff8 23.a3 { ! } 23...Qb6 24.axb4
Qxb4 25.Ra4 Qc3 26.Re3 Qb2 27.Nf1 Rc5 { ? } 28.Qe1 Rc1 29.Qxa5 Qb1 30.Be2 f4
31.Rf3 g5 32.Bd3 Qb2 33.Rc4 {#r} 1-0

[Event "Ch Slovakia (team) 2000/01 (2 liga) (b)"]
[Site "masterchessopen.com Slovakia"]
[Round "9"]
[White "Huba Martin Sr (SVK)"]
[Black "Borik Juraj (SVK)"]
[Result "1-0"]
[WhiteElo "2180"]
[BlackElo "2124"]

1.e4 e5 2.Nf3 Nc6 3.Bb5 a6 4.Ba4 Nf6 5.O-O Be7 6.Re1 b5 7.Bb3 O-O 8.h3 d6 9.c3
Na5 10.Bc2 c5 11.d4 Nd7 12.Nbd2 Bb7 13.Nf1 Re8 14.d5 Nc4 15.Ng3 g6 16.b3 Ncb6
17.Be3 Kh8 18.Qd2 f6 19.Nh2 h5 20.Qe2 Nf8 21.f4 h4 22.Ngf1 exf4 23.Bxf4 f5
24.exf5 Nxd5 25.Qf2 g5 26.Bd2 Bf6 27.Rxe8 Qxe8 28.Re1 Qf7 29.Ng4 Bxc3 30.Bxc3+
Nxc3 31.Qe3 Nd5 32.Qxg5 Nh7 33.Qxh4 Nf4 34.Re7 {#r} 1-0

[Event "Ch Hungary (team) 2001/02"]
[Site "masterchessopen.com Hungary"]
[Date "2001.11.18"]
[Round "3"]
[White "Feher Gyula (HUN)"]
[Black "Lengyel Levente (HUN)"]
[Result "1-0"]
[WhiteElo "2404"]
[BlackElo "2310"]

1.e4 e5 2.Nf3 Nc6 3.Bb5 a6 4.Ba4 Nf6 5.O-O Be7 6.Re1 b5 7.Bb3 d6 8.c3 O-O 9.h3
Na5 10.Bc2 c5 11.d4 Nd7 12.Nbd2 cxd4 13.cxd4 Nc6 14.Nb3 a5 15.Be3 a4 16.Nbd2
Bf6 17.Nf1 exd4 18.Nxd4 Nxd4 19.Bxd4 Ne5 20.b3 a3 21.Ne3 Be6 22.f4 Nc6 23.Bxf6
Qxf6 24.Qxd6 Nd4 25.f5 Rfd8 26.Qg3 Nxc2 27.Nxc2 Bc8 28.Ne3 Bb7 29.Ng4 Qd4+
30.Kh2 h5 31.Rad1 Qb6 32.Ne5 Qh6 33.Nxf7 Kxf7 34.Qc7+ {#r} 1-0

[Event "Ch Hungary (team) 2001/02 (2 liga)"]
[Site "masterchessopen.com Hungary"]
[Date "2001.12.02"]
[Round "4"]
[White "Isepy Jozsef (HUN)"]
[Black "Kaman Attila (HUN)"]
[Result "1-0"]
[WhiteElo "2216"]
[BlackElo "2213"]

1.e4 e5 2.Nf3 Nc6 3.Bb5 a6 4.Ba4 Nf6 5.O-O Be7 6.Re1 b5 7.Bb3 O-O 8.c3 d6 9.h3
Na5 10.Bc2 c5 11.d3 Qc7 12.Nbd2 Re8 13.Nf1 h6 14.Ng3 Bf8 15.a4 Bd7 16.axb5
axb5 17.Bd2 g6 18.Qc1 Kh7 19.b4 Nc6 20.Bb3 Rxa1 21.Qxa1 Be6 22.Bxe6 Rxe6
23.Qa6 cxb4 24.cxb4 d5 25.Qxb5 Qd6 26.exd5 Qxd5 27.Qxd5 Nxd5 28.b5 Na7 29.Rxe5
Rxe5 30.Nxe5 f6 31.Nd7 Nxb5 {#r} 1-0

[Event "It (open)"]
[Site "masterchessopen.com Andorra"]
[Round "7"]
[White "Moreno Tejera Emilio (ESP)"]
[Black "Radulski Julian (BUL)"]
[Result "0-1"]
[WhiteElo "2366"]
[BlackElo "2491"]

1.e4 e5 2.Nf3 Nc6 3.Bb5 a6 4.Ba4 Nf6 5.O-O Be7 6.Re1 b5 7.Bb3 d6 8.c3 O-O 9.h3
Na5 10.Bc2 c5 11.d4 Nc6 12.Nbd2 Bb7 13.Nf1 cxd4 14.cxd4 d5 15.dxe5 Nxe4
16.N1d2 Nb4 17.Nb3 Nxc2 18.Qxc2 Rc8 19.Qd3 Qb6 20.Be3 Qg6 21.Nfd4 f6 22.exf6
Rxf6 23.f3 Bd6 24.Nd2 Nxd2 25.Qxd2 Qg3 26.Kf1 Rcf8 27.Bf2 Qh2 28.Bg1 Rxf3+
29.Nxf3 Rxf3+ 30.Bf2 Rf8 31.Ke2 Qxg2 32.Qe3 d4 33.Qxd4 Rxf2+ {#R} 0-1

[Event "It (open)"]
[Site "masterchessopen.com Coria del Rio (Spain)"]
[Round "2"]
[White "Garcia Luque Agustin (ESP)"]
[Black "Zurita Galisteo Jose Manuel (ESP)"]
[Result "1-0"]
[WhiteElo "2406"]
[BlackElo "2088"]

1.e4 e5 2.Nf3 Nc6 3.Bb5 a6 4.Ba4 Nf6 5.O-O Be7 6.Re1 b5 7.Bb3 d6 8.c3 O-O 9.h3
Na5 10.Bc2 c5 11.d4 Nc6 12.dxc5 dxc5 13.Bg5 Qc7 14.Nbd2 Be6 15.Nf1 Rfd8 16.Qc1
Nh5 17.a4 Rac8 18.axb5 axb5 19.Ne3 Bxg5 20.Nxg5 Nf4 21.Nd5 Qb8 22.Nxf4 exf4
23.e5 g6 24.Qxf4 Re8 25.Ne4 Re7 26.Ra6 b4 27.Ba4 bxc3 28.bxc3 Qb7 29.Qh6 {#r}
1-0

[Event "It (open)"]
[Site "masterchessopen.com Debrecen (Hungary)"]
[Round "6"]
[White "Toth Gyula (HUN)"]
[Black "Toth Ferenc (HUN)"]
[Result "1-0"]
[WhiteElo "2143"]
[BlackElo "1818"]

1.e4 e5 2.Nf3 Nc6 3.Bb5 a6 4.Ba4 Nf6 5.O-O Be7 6.Re1 b5 7.Bb3 O-O 8.c3 d6 9.h3
Na5 10.Bc2 c5 11.d3 Qc7 12.Bg5 h6 13.Be3 Bb7 14.Nbd2 Rac8 15.c4 Nc6 16.b3 b4
17.Rf1 Nh7 18.Nh2 f5 19.exf5 Rxf5 20.d4 Rff8 21.d5 Nd8 22.Ne4 Nf7 23.Qd3 Nfg5
24.Nxg5 Nxg5 25.Bxg5 Bxg5 26.Qh7+ Kf7 27.Bg6+ {#r} 1-0

[Event "Ch Peru (regional)"]
[Site "masterchessopen.com Lima (Peru)"]
[Round "9"]
[White "Serrano Elliot (PER)"]
[Black "Harter Jorge (PER)"]
[Result "0-1"]
[WhiteElo "1995"]
[BlackElo "2122"]

1.e4 e5 2.Nf3 Nc6 3.Bb5 a6 4.Ba4 Nf6 5.O-O Be7 6.Re1 b5 7.Bb3 d6 8.c3 O-O 9.h3
Na5 10.Bc2 c5 11.d4 Nd7 12.Nbd2 exd4 13.cxd4 Nc6 14.Nf1 Re8 15.Ne3 Bf8 16.Nd5
h6 17.a4 Bb7 18.Ra3 cxd4 19.Nxd4 Nxd4 20.Qxd4 Rc8 21.Rc3 Bxd5 22.Qxd5 Rxc3
23.bxc3 Nf6 24.Qd4 Re5 25.f4 Rc5 26.e5 Rd5 27.Qf2 dxe5 28.Kh1 Bc5 29.Qe2 e4
30.axb5 axb5 31.f5 Rxf5 32.Qxb5 Nh5 33.Qc6 Ng3+ 34.Kh2 Qb8 {#R} 0-1

[Event "Ch Poland (1/2 final) (w)"]
[Site "masterchessopen.com Lubniewice (Poland)"]
[Round "6"]
[White "Demidowicz Alicja (POL)"]
[Black "Wilczynska Malgorzata (POL)"]
[Result "0-1"]
[WhiteElo "1874"]
[BlackElo "2036"]

1.e4 e5 2.Nf3 Nc6 3.Bb5 a6 4.Ba4 b5 5.Bb3 Nf6 6.O-O Be7 7.Re1 d6 8.c3 O-O 9.h3
Na5 10.Bc2 c5 11.d4 exd4 12.cxd4 Nc6 13.d5 Nb4 14.Nbd2 Nxc2 15.Qxc2 Nh5 16.Nf1
f5 17.exf5 Bxf5 18.Qe2 Bh4 19.g4 Bg6 20.gxh5 Bxh5 21.Qe6+ Kh8 22.Nxh4 Qxh4
23.Be3 Rf6 24.Qd7 Rg6+ 25.Ng3 Rxg3+ 26.Kf1 Rxh3 27.f4 Rh1+ 28.Bg1 Qxf4+ 29.Kg2
Qf3# 0-1

[Event "Ch Mexico"]
[Site "masterchessopen.com Mexico City (Mexico)"]
[Round "6"]
[White "Rosas Garcia Cesar (MEX)"]
[Black "Martinez Fernando Semprun (ESP)"]
[Result "1-0"]
[WhiteElo "1986"]
[BlackElo "2149"]

1.e4 e5 2.Nf3 Nc6 3.Bb5 a6 4.Ba4 Nf6 5.O-O Be7 6.Re1 b5 7.Bb3 d6 8.c3 O-O 9.h3
Na5 10.Bc2 c5 11.d3 Qc7 12.Nbd2 Bd7 13.Nf1 b4 14.Ng3 Rfb8 15.Nh4 bxc3 16.bxc3
Nxe4 17.Rxe4 d5 18.Rg4 Bxg4 19.Qxg4 Bf8 20.Ngf5 Rb6 21.d4 Rg6 22.Nh6+ Rxh6
23.dxe5 Qxe5 24.Bf4 Qxc3 25.Rd1 Qc4 26.Nf5 Be7 {#r} 1-0

[Event "Ch Slovakia (team) 2001/02 (1 liga) West"]
[Site "masterchessopen.com Slovakia"]
[Round "9"]
[White "Vychodil M"]
[Black "Sycova Miroslava (SVK)"]
[Result "0-1"]
[WhiteElo "2075"]
[BlackElo "2058"]

1.e4 e5 2.Nf3 Nc6 3.Bb5 a6 4.Ba4 Nf6 5.O-O Be7 6.Re1 b5 7.Bb3 d6 8.h3 O-O 9.c3
Na5 10.Bc2 c5 11.d4 Bb7 12.d5 Nc4 13.b3 Nb6 14.Nbd2 Bc8 15.Nf1 Re8 16.Ng3 g6
17.Nh2 c4 18.b4 a5 19.f4 axb4 20.cxb4 Na4 21.fxe5 dxe5 22.Nf3 Bxb4 23.Bd2 Nc3
24.Qc1 Ba3 {#R} 0-1

[Event "Tournament (final)"]
[Site "masterchessopen.com Vitoria (Brazil)"]
[Date "2002.11.30"]
[Round "1"]
[White "Silveira Sergio Rodrigues (BRA)"]
[Black "Lima Paulo (POR)"]
[Result "1-0"]
[WhiteElo "2083"]
[BlackElo "2054"]

1.e4 e5 2.Nf3 Nc6 3.Bb5 a6 4.Ba4 Nf6 5.O-O Be7 6.Re1 b5 7.Bb3 d6 8.c3 O-O 9.h3
Na5 10.Bc2 c5 11.d4 cxd4 12.cxd4 Nc4 13.b3 Nb6 14.Bb2 exd4 15.Nxd4 Qc7 16.Nd2
d5 17.e5 Ne8 18.Rc1 Qb7 19.Nf1 Nc7 20.Nh2 Bg5 21.Qd3 g6 22.Rcd1 Ne6 23.Qg3 Bf4
24.Qf3 Qc7 25.Ng4 Nxd4 26.Nf6+ Kh8 27.Qxf4 Nxc2 28.Qh6 {#r} 1-0

[Event "It (open)"]
[Site "masterchessopen.com Albacete (Spain)"]
[Round "1"]
[White "Cheparinov Ivan (BUL)"]
[Black "Garcia Rodriguez Victor (ESP)"]
[Result "1-0"]
[WhiteElo "2576"]
[BlackElo "1997"]

1.e4 e5 2.Nf3 Nc6 3.Bb5 a6 4.Ba4 b5 5.Bb3 Be7 6.O-O Nf6 7.Re1 d6 8.c3 O-O 9.h3
Na5 10.Bc2 c5 11.d4 Nc6 12.d5 Nb8 13.a4 Bb7 14.b3 Nbd7 15.Qe2 b4 16.a5 Re8
17.cxb4 cxb4 18.Bd2 Rb8 19.Ra4 Qc7 20.Bxb4 Nc5 21.Ra3 Rec8 22.Bc3 Ncd7 23.b4
Nf8 24.Bd3 Ng6 25.g3 Qd7 26.Kh2 Nh5 27.Bd2 {#r} 1-0

[Event "It \"]
[Site "masterchessopen.com Blackpool (England)"]
[Round "7"]
[White "Hunt Adam (ENG)"]
[Black "Davies Nigel R (ENG)"]
[Result "0-1"]
[WhiteElo "2434"]
[BlackElo "2523"]

{ Davies Nigel R (ENG) +2 =3 -2 } 1.e4 { 1 } 1...e5 2.Nf3 Nc6 3.Bb5 a6 4.Ba4
Nf6 5.O-O Be7 6.Re1 b5 7.Bb3 d6 8.c3 O-O 9.h3 Na5 10.Bc2 c5 11.d4 Nd7 (
11...cxd4 12.cxd4 Bb7 13.d5 Nc4 14.a4 bxa4 15.Rxa4 Qc7 16.Bd3 Nb6 17.Ra3 Nfd7
18.Nc3 Rfb8 19.Be3 Nc4 20.Bxc4 Qxc4 21.Nd2 Qc7 22.Na4 f5 23.Rc3 Qd8 24.Nc4 Bc8
25.exf5 Rb5 26.Rd3 Rab8 27.Na3 Rb4 28.Bd2 Rxa4 29.Qxa4 Nc5 30.Qc4 Rxb2 31.Rd1
{ ...0-1, Ciemniak Robert 2440 - Davies Nigel R 2510 , Gausdal 1994 It (open)
} ) 12.d5 { ? ? } ( 12.Nbd2 cxd4 13.cxd4 Nc6 14.Nb3 a5 15.Bd3 Ba6 16.d5 Nb4
17.Bf1 a4 18.Nbd4 exd4 19.a3 Nxd5 20.exd5 Bf6 21.Nxd4 Nc5 22.Nc6 Qb6 23.Bf4
Rfe8 24.Qc2 Nb3 25.Rad1 Qc7 26.Re4 Rxe4 27.Qxe4 Bxb2 28.Re1 Qd7 29.Qb4 Bf6
30.Bxd6 h6 31.Bd3 Re8 { ...1-0, Anand Viswanathan 2771 - Piket Jeroen 2635 ,
Wijk aan Zee 1999 It (cat.17) } ) 12...Nb6 13.b3 ( 13.Nbd2 f5 14.exf5 Bxf5
15.Bxf5 Rxf5 16.Ne4 Qd7 17.Bg5 Raf8 18.Bxe7 Qxe7 19.Nh2 Nb7 20.Qd2 Qf7 21.Rad1
Qg6 22.b3 Rf4 23.Qe3 h6 24.Re2 Nd7 25.Ng4 h5 26.Nh2 Nf6 27.Nxf6+ R8xf6 28.Kh1
Nd8 29.Nf1 Nf7 { 1/2-1/2, Gross David 2435 - Kozak Milos 2235 , Czech Republic
1998 Czech League 1998/99 (2nd) (a) } ) 13...f5 14.exf5 Bxf5 { } 15.Bxf5 Rxf5
16.Re4 { N } ( 16.Na3 Qd7 17.c4 Raf8 18.Bd2 Nb7 19.Kh2 Nd8 20.Rb1 Nf7 21.Qe2
b4 22.Nc2 Ng5 23.Bxg5 Bxg5 24.Nxg5 Rxg5 25.Ne3 Nc8 26.a3 a5 27.axb4 axb4 28.g3
Ne7 29.h4 Rg6 30.Rb2 Rgf6 31.Rf1 Rf3 32.Kg2 e4 33.Nd1 Ng6 34.Qxe4 Ne5 35.Rh1
h5 { ...0-1, Solomunovic Igor 2350 - Blagojevic Dragisa 2445 , Tuzla 1991 It }
) ( 16.Qd3 Qd7 17.Be3 Rxf3 18.gxf3 Qxh3 19.Qe4 Rf8 20.Qg4 Qxg4+ 21.fxg4 Nxd5
22.Bd2 Nc6 23.Na3 b4 24.cxb4 Nd4 25.Red1 cxb4 26.Nc4 Nc3 27.Bxc3 bxc3 28.Ne3
Bh4 29.Nf5 Nxf5 30.gxf5 Rxf5 31.Rxd6 Bxf2+ 32.Kg2 Be3 33.Rxa6 Bd2 34.Rc6 h5
35.a4 e4 { ...1-0, Sandipan Chanda 2464 - Gozzoli Yannick 2419 , Goa 2002 Ch
World (juniors) (under 20) } ) 16...c4 17.b4 Nb7 18.Na3 Qd7 19.g4 { ?! } (
19.Be3 { !? } 19...Na4 20.Nb1 Bd8 21.Rg4 { } ) 19...Rf7 20.Be3 Na4 21.Nb1 Raf8
22.Nfd2 Bd8 23.a3 Bb6 24.f3 Nd8 25.Kg2 Qb7 26.Nf1 Rxf3 27.Qxf3 Rxf3 28.Kxf3
Qf7+ 29.Ke2 Qxd5 30.Ng3 Qd3+ 31.Kf2 Qc2+ { } {#R} 0-1

[Event "Ch Serbia & Montenegro (team)"]
[Site "masterchessopen.com Golubac (Yugoslavia)"]
[Round "0"]
[White "Radulski Julian (BUL)"]
[Black "Nikolic Zoran (SRB)"]
[Result "1-0"]
[WhiteElo "2501"]
[BlackElo "2169"]

1.e4 e5 2.Nf3 Nc6 3.Bb5 a6 4.Ba4 Nf6 5.O-O Be7 6.Re1 b5 7.Bb3 d6 8.c3 O-O 9.h3
Na5 10.Bc2 c5 11.d4 Nc6 12.d5 Na7 13.Nbd2 Bd7 14.Nf1 Nc8 15.Ng3 Re8 16.a4 bxa4
17.Bxa4 Bxa4 18.Qxa4 Nb6 19.Qa5 Qb8 20.Bg5 h6 21.Bxf6 Bxf6 22.Nf5 Kh7 23.Reb1
Bd8 24.b4 Nxd5 25.Qa4 Nf6 26.bxc5 Qa7 27.Nxd6 Re7 28.Qc4 Rc7 29.c6 {#r} 1-0

[Event "Memorial K.Tsiolkovsky (open)"]
[Site "masterchessopen.com Kaluga (Russia)"]
[Round "9"]
[White "Yagupov Igor (RUS)"]
[Black "Gubajdullin Alexei (RUS)"]
[Result "0-1"]
[WhiteElo "2509"]
[BlackElo "2449"]

1.e4 e5 2.Nf3 Nc6 3.Bb5 a6 4.Ba4 Nf6 5.O-O b5 6.Bb3 Be7 7.Re1 d6 8.c3 O-O 9.h3
Na5 10.Bc2 c5 11.d4 Nd7 12.Nbd2 exd4 13.cxd4 Nc6 14.d5 Nce5 15.Nxe5 Nxe5 16.f4
Ng6 17.Nf3 Bh4 18.Rf1 Bg3 19.Nh2 Qh4 20.Qf3 f5 21.exf5 Bxf5 22.Bxf5 Rxf5
23.Qe4 Raf8 24.Qe6+ Kh8 25.Qxd6 Nxf4 26.Bxf4 Bxf4 27.Qxc5 Qg3 28.Ng4 Be5
29.Rf3 Bd6 {#R} 0-1

[Event "Tournament"]
[Site "masterchessopen.com Kimry (Russia)"]
[Round "3"]
[White "Chernjaev Vladimir (RUS)"]
[Black "Sukhanov Yuri (RUS)"]
[Result "0-1"]
[WhiteElo "1967"]
[BlackElo "1983"]

1.e4 e5 2.Nf3 Nc6 3.Bb5 a6 4.Ba4 Nf6 5.O-O b5 6.Bb3 Be7 7.Re1 O-O 8.c3 d6 9.h3
Na5 10.Bc2 c5 11.d4 cxd4 12.cxd4 Qc7 13.Nc3 Nc6 14.d5 Nb4 15.a4 Nxc2 16.axb5
Nxa1 17.Be3 axb5 18.Nxb5 Qa5 19.Na3 Nxe4 20.Qxa1 Qxd5 21.Qc1 Nc5 22.Rd1 Qe4
23.Nd2 Qg6 24.f3 Bxh3 {#R} 0-1

[Event "It (open)"]
[Site "masterchessopen.com Klatovy (Czech Republic)"]
[Round "1"]
[White "Paldus Petr (CZE)"]
[Black "Dolezal Radoslav (CZE)"]
[Result "0-1"]
[WhiteElo "2046"]
[BlackElo "2420"]

1.e4 e5 2.Nf3 Nc6 3.Bb5 a6 4.Ba4 Nf6 5.O-O b5 6.Bb3 Be7 7.Re1 O-O 8.c3 d6 9.h3
Na5 10.Bc2 c5 11.d3 Qc7 12.Nbd2 h6 13.Nf1 Be6 14.Ng3 Rfc8 15.Bd2 Nc6 16.a4 d5
17.exd5 Nxd5 18.Qe2 Nf4 19.Qe3 Ng6 20.axb5 axb5 21.Rxa8 Rxa8 22.d4 cxd4
23.cxd4 exd4 24.Nxd4 Nxd4 25.Bxg6 Bc5 26.Bb1 Rd8 27.Rc1 Nb3 28.Qe4 Rxd2
29.Qh7+ Kf8 30.Nh5 Bxf2+ {#R} 0-1

[Event "It \"]
[Site "masterchessopen.com Los Angeles (USA)"]
[Round "5"]
[White "Aird Ian (SCO)"]
[Black "Tserendorj Batsaikhan (USA)"]
[Result "0-1"]
[WhiteElo "2053"]
[BlackElo "2074"]

1.e4 e5 2.Nf3 Nc6 3.Bb5 a6 4.Ba4 Nf6 5.O-O b5 6.Bb3 Be7 7.Re1 d6 8.c3 O-O 9.h3
Na5 10.Bc2 c5 11.d4 Nc6 12.d5 Na5 13.b3 g6 14.Bh6 Re8 15.Nbd2 Nh5 16.Nh2 Bg5
17.Bxg5 Qxg5 18.Ndf3 Qf6 19.Ng4 Qg7 20.Nh4 Nf4 21.Kh2 Rf8 22.a4 b4 23.cxb4
cxb4 24.Bd3 f5 25.exf5 gxf5 26.Ne3 e4 27.Bf1 Ra7 28.g3 Ng6 29.Nxg6 Qxg6 30.Qd4
Rg7 31.Qxb4 f4 32.Ng4 Bxg4 33.hxg4 Qxg4 {#R} 0-1

[Event "It (open) \"]
[Site "masterchessopen.com Omis (Croatia)"]
[Round "1"]
[White "Jerkovic Ivan (CRO)"]
[Black "Loncar Robert (CRO)"]
[Result "0-1"]
[WhiteElo "2159"]
[BlackElo "2385"]

1.e4 e5 2.Nf3 Nc6 3.Bb5 a6 4.Ba4 Nf6 5.O-O Be7 6.Re1 b5 7.Bb3 d6 8.c3 O-O 9.h3
Na5 10.Bc2 c5 11.d4 Nd7 12.Nbd2 exd4 13.cxd4 Nc6 14.Nf1 cxd4 15.Nxd4 Nxd4
16.Qxd4 Ne5 17.Bf4 Bf6 18.Red1 Nf3+ {#R} 0-1

[Event "Ch Poland (juniors) (under 20) (1/2 final)"]
[Site "masterchessopen.com Poraj (Poland)"]
[Round "6"]
[White "Zawadzki Stanislaw (POL)"]
[Black "Zeberski Jakub (POL)"]
[Result "1-0"]
[WhiteElo "2398"]
[BlackElo "2321"]

1.e4 e5 2.Nf3 Nc6 3.Bb5 a6 4.Ba4 Nf6 5.O-O Be7 6.Re1 b5 7.Bb3 d6 8.c3 O-O 9.h3
Na5 10.Bc2 c5 11.d4 Nd7 12.d5 Nc4 13.a4 b4 14.Qe2 Na5 15.Nbd2 Rb8 16.Bd3 Qb6
17.Nc4 Nxc4 18.Bxc4 a5 19.Be3 Qd8 20.Bb5 Bb7 21.Red1 f5 22.exf5 Rxf5 23.Nd2
Nb6 24.Ne4 Kh8 25.Bc6 Qc7 26.Qd3 Rff8 27.Bxb7 Qxb7 28.cxb4 cxb4 29.Qb5 Rfc8
30.Rac1 Rxc1 31.Rxc1 h6 32.Bxb6 Qxb6 33.Rc8+ Kh7 34.Rxb8 {#r} 1-0

[Event "Ch Croatia"]
[Site "masterchessopen.com Rabac (Croatia)"]
[Round "3"]
[White "Ljubicic Filip (CRO)"]
[Black "Loncar Robert (CRO)"]
[Result "0-1"]
[WhiteElo "2395"]
[BlackElo "2385"]

1.e4 e5 2.Nf3 Nc6 3.Bb5 a6 4.Ba4 Nf6 5.O-O Be7 6.Re1 b5 7.Bb3 d6 8.c3 O-O 9.h3
Na5 10.Bc2 c5 11.d4 Nd7 12.Nbd2 cxd4 13.cxd4 Nc6 14.Nf1 exd4 15.Nxd4 Nxd4
16.Qxd4 Ne5 17.Ne3 Bxh3 18.f4 Nc6 19.Qc3 Bd7 20.Nd5 Rc8 21.Qd3 Bh4 22.g3 Be7
23.Be3 Bg4 24.Bb6 Qd7 25.e5 g6 26.exd6 Bd8 27.Bxd8 Qxd8 28.Qc3 Qxd6 29.Bb3 b4
30.Qf6 Qc5+ 31.Kg2 Rce8 32.Qg5 Rxe1 33.Nf6+ Kg7 34.Qxc5 {#R} 0-1